书目信息 |
| 题名: |
机械工程
|
|
| 作者: | 张振烈 , 卜玉坤 , 何林 主编 | |
| 分册: | ||
| 出版信息: | 上海 上海外语教育出版社 2008.10 |
|
| 页数: | 459页 | |
| 开本: | 23cm | |
| 丛书名: | 大学英语应用提高阶段专业英语系列教材 | |
| 单 册: | ||
| 中图分类: | TH , H31 | |
| 科图分类: | ||
| 主题词: | 机械工程--英语--高等学校--教材 | |
| 电子资源: | ||
| ISBN: | 978-7-5446-0072-9 | |
| 000 | 01225nam0 2200325 450 | |
| 001 | 012010610689 | |
| 005 | 20100608110301.64 | |
| 009 | 012004297944 | |
| 010 | @a978-7-5446-0072-9@dCNY46.00 | |
| 100 | @a20100515d2008 em y0chiy0110 ea | |
| 101 | 0 | @achi@aeng |
| 102 | @aCN@b310000 | |
| 105 | @ay z 000yy | |
| 200 | 1 | @a机械工程@Aji xie gong cheng@Axin shi ji li gong ke ying yu jiao cheng@e学生用书@f张振烈, 卜玉坤, 何林主编@Fzhang zhen lie,bo yu kun,he lin zhu bian |
| 210 | @a上海@c上海外语教育出版社@d2008.10 | |
| 215 | @a459页@d23cm | |
| 225 | 2 | @a大学英语应用提高阶段专业英语系列教材@e世纪理工科英语教程@f程月芳总主编 |
| 304 | @a英文分册题名:Mechanical engineering | |
| 330 | @a本书分Text(课文)、Practical Writing(实用文写作)和Glossary(生词表)三部分。T | |
| 410 | 0 | @12001 @a大学英语应用提高阶段专业英语系列教材@1701 0@a程月芳总主编@Acheng yue fang zong zhu bian |
| 410 | @12001 @a世纪理工科英语教程 | |
| 517 | 1 | @a学生用书@Axue sheng yong shu |
| 606 | 0 | @a机械工程@x英语@x高等学校@j教材 |
| 690 | @aTH@v4 | |
| 690 | @aH31@v4 | |
| 701 | 0 | @a张振烈@Azhang zhen lie@4主编 |
| 701 | 0 | @a卜玉坤@Abo yu kun@4主编 |
| 701 | 0 | @a何林@Ahe lin@4主编 |
| 801 | 0 | @aCN@c20100515 |
| 905 | @dTH@eZ240@f3 | |
| 机械工程:学生用书/张振烈, 卜玉坤, 何林主编.-上海:上海外语教育出版社,2008.10 |
| 459页;23cm.-(大学英语应用提高阶段专业英语系列教材:世纪理工科英语教程/程月芳总主编) |
| ISBN 978-7-5446-0072-9:CNY46.00 |
| 本书分Text(课文)、Practical Writing(实用文写作)和Glossary(生词表)三部分。T |
| ● |
| 相关链接 |
|
|
|
正题名:机械工程
索取号:TH/Z240
 
预约/预借
| 序号 | 登录号 | 条形码 | 馆藏地/架位号 | 状态 | 备注 |